| 000 | 00444nam a2200181Ia 4500 | ||
|---|---|---|---|
| 001 | 11212 | ||
| 005 | 20260306161929.0 | ||
| 008 | 260306t2015||||xx |||||||||||||| ||spa|| | ||
| 041 | _aESP | ||
| 082 |
_a985.019 _bH44J |
||
| 100 |
_aHernández Astete, Francisco _eAUT |
||
| 245 | 0 | _aJuan de Betanzos y el tahuantísuyo | |
| 260 | _c2015 | ||
| 300 |
_a463 páginas : _c24 cm. |
||
| 650 | _aGEN | ||
| 654 | _aCHU | ||
| 942 |
_cLIB _dJUS _fJUS _2ddc _n |
||
| 999 |
_c11212 _d11212 |
||